Zwyciężczynie turniejów WTA w 2022 roku - Statystyki

Ogólne statystyki
  • Ten quiz został rozwiązany 108 razy
  • Średni wynik to 27 z 55
Statystyki odpowiedzi
Nazwa turnieju Miasto Zawodniczka % Poprawnych
Qatar Ladies Open Doha Iga Świątek
100%
Indian Wells Masters Indian Wells Iga Świątek
100%
Miami Open Miami Iga Świątek
100%
Porsche Tennis Grand Prix Stuttgart Iga Świątek
100%
Internazionali d’Italia Rzym Iga Świątek
100%
French Open Paryż Iga Świątek
100%
US Open Nowy Jork Iga Świątek
100%
San Diego Open San Diego Iga Świątek
100%
Madrid Open Madryt Ons Jabeur
80%
German Open Berlin Ons Jabeur
80%
Wimbledon Londyn Jelena Rybakina
72%
Guadalajara Open Guadalajara Jessica Pegula
69%
Bad Homburg Open Bad Homburg vor der Höhe Caroline Garcia
68%
Poland Open Warszawa Caroline Garcia
68%
Cincinnati Masters Cincinnati Caroline Garcia
68%
WTA Finals Fort Worth Caroline Garcia
68%
Adelaide International 1 Adelaide Ashleigh Barty
65%
Australian Open Melbourne Ashleigh Barty
65%
Tallinn Open Tallinn Barbora Krejčíková
65%
Ostrava Open Ostrawa Barbora Krejčíková
65%
Eastbourne International Eastbourne Petra Kvitová
60%
Dubai Tennis Championships Dubaj Jeļena Ostapenko
51%
San Jose Classic San Jose Darja Kasatkina
49%
Championnats Banque Nationale de Granby Granby Darja Kasatkina
49%
Melbourne Summer Set 1 Melbourne Simona Halep
49%
Canadian Open Toronto Simona Halep
49%
Charleston Open Charleston Belinda Bencic
48%
Sydney Tennis Classic Sydney Paula Badosa
48%
Adelaide International 2 Adelaide Madison Keys
45%
St. Petersburg Ladies Trophy Petersburg Anett Kontaveit
42%
Nottingham Open Nottingham Beatriz Haddad Maia
38%
Birmingham Classic Birmingham Beatriz Haddad Maia
38%
Internationaux de Strasbourg Strasburg Angelique Kerber
35%
Monterrey Open Monterrey Leylah Fernandez
32%
Morocco Open Rabat Martina Trevisan
32%
Slovenia Open Portorož Katerina Siniakova
31%
Copa Colsanitas Bogota Tatjana Maria
29%
Lyon Open Lyon Shuai Zhang
28%
Abierto Zapopan Guadalajara Sloane Stephens
28%
Palermo Open Palermo Irina-Camelia Begu
25%
Chennai Open Ćennaj Linda Fruhvirtová
25%
Tunisia Open Monastyr Elise Mertens
23%
Washington Open Waszyngton Ludmiła Samsonowa
23%
Tennis in the Land Cleveland Ludmiła Samsonowa
23%
Pan Pacific Open Tokio Ludmiła Samsonowa
23%
Emilia-Romagna Open Parma Mayar Sherif
22%
Hungarian Grand Prix Budapeszt Bernarda Pera
20%
Hamburg European Open Hamburg Bernarda Pera
20%
Rosmalen Open ’s-Hertogenbosch Jekatierina Aleksandrowa
20%
Korea Open Seul Jekatierina Aleksandrowa
20%
Ladies Open Lausanne Lozanna Petra Martić
18%
Melbourne Summer Set 2 Melbourne Amanda Anisimova
15%
Prague Open Praga Marie Bouzková
15%
Istanbul Cup Stambuł Anastasija Potapowa
12%
Transylvania Open Kluż-Napoka Anna Blinkowa
11%
Nie znaleziono quizów pasujących do podanych kryteriów
Rozkład punktacji
Procent ludzi z każdym wynikiem
Percentyl według liczby udzielonych odpowiedzi
Twoja historia wyników
Nie rozwiązałeś tego quizu